Capacidad de carga turistica para ciclomontañismo y caminantes de los senderos del predido San Marino (Registro nro. 6185)

Detalles MARC
000 -CABECERA
Campo de control 00527nam a2200181 a 4500
005 - FECHA Y HORA DE LA ULTIMA TRANSACCION
Campo de control 20141211152619.0
008 - ELEMENTOS DE LONGITUD FIJA—INFORMACION GENERAL
Campo de control 140128b2007 ck ||||| |||| 00| 0 spa d
040 ## - FUENTE DE CATALOGACIÓN
Agencia transcriptora CO-BoIH
041 ## - IDIOMA
Código de idioma para texto/pista de sonido o título separado Español
044 ## - PAÍS DE PUBLICACIÓN
País de publicación Colombia
090 ## - CLASIFICACIÓN LOCAL
Colección IAVH
Consecutivo 00777
100 ## - ASIENTO PRINCIPAL--NOMBRE PERSONAL
Nombre personal Durán Florez, Jaime
245 ## - MENCION DE TITULO
Título Capacidad de carga turistica para ciclomontañismo y caminantes de los senderos del predido San Marino
260 ## - PUBLICACION, DISTRIBUCION, ETC. (PIE DE IMPRENTA)
Lugar de publicación, distribución, etc. Suesca
Nombre del editor, distribuidor, etc. Instituto Alexander von Humboldt
Fecha de publicación, distribución, etc. 2007
300 ## - DESCRIPCION FISICA
Extensión 17 p.
942 ## - ELEMENTOS ADICIONALES (KOHA)
Tipo de ítem Informe Técnico
Sistema de clasificación Local
945 ## - PROCESAMIENTO LOCAL
AAAA-MM-DD - Fecha de ingreso o modificacion 2008-02-19
Existencias
Withdrawn status Lost status Sistema de Clasificación Damaged status No para préstamo Colección Inventariado Ubicación Permanente Ubicación actual Fecha de adquisición Total Checkouts Número topográfico Inventario / Código de Barras Date last seen Ejemplar Price effective from Forma de adquisición Tipo de material
    Local     Humboldt Inventariado 2017 Bogotá Bogotá 19/02/2008   IAVH-00777 025708 09/08/2024 Ej. 1 04/12/2012   Informe Técnico
    Local     Audiovisual   Bogotá Bogotá 19/12/2013   IAVH-00777 059409 19/12/2013 Ej. 1 19/12/2013   CD-ROM